000 00427nam a2200181Ia 4500
008 230725s2002 xx 000 0 und d
041 _aeng
082 _a541.3
_bGAU/GUP
100 _aGAUD GUPTA
245 _aPRACTICAL PHYSICAL PHARMACY
260 _bC.B.S.PUBLISHER&DISTRUTERS
_c2002
300 _a238
365 _h20
500 _aTEXT BOOK
501 _aPHYP
520 _aPB
650 _aPHYSICAL PHARMACEUTICS
999 _c768183
_d768183